Skoki Narciarskie - Zdobywcy Podium z Polski (2020-) - Statystyki

Ogólne statystyki
  • Ten quiz został rozwiązany 230 razy
  • Średni wynik to 6 z 6
Statystyki odpowiedzi
Liczba podiów Lata aktywności Skoczek % Poprawnych
12 2004- Kamil Stoch
100%
12 2006- Piotr Żyła
100%
28 2009- Dawid Kubacki
99%
2 2011- Aleksander Zniszczoł
89%
1 2018- Paweł Wąsek
89%
1 2015- Andrzej Stękała
80%
Nie znaleziono quizów pasujących do podanych kryteriów
Rozkład punktacji
Procent ludzi z każdym wynikiem
Percentyl według liczby udzielonych odpowiedzi
Twoja historia wyników
Nie rozwiązałeś tego quizu